Grainger and allison's diagnostic radiology: a textbook of medical imaging, volume 1 and 2 (Record no. 63918)

MARC details
000 -LEADER
fixed length control field 01081nam a2200205 a 4500
008 - FIXED-LENGTH DATA ELEMENTS--GENERAL INFORMATION
fixed length control field 170327s2015 ||||||||||||||||| || u
020 ## - INTERNATIONAL STANDARD BOOK NUMBER
International Standard Book Number 9780702042959
050 ## - LIBRARY OF CONGRESS CALL NUMBER
Classification number RC 78.7.D53 Gra
100 ## - MAIN ENTRY--PERSONAL NAME
Personal name Adam, Andreas
245 10 - TITLE STATEMENT
Title Grainger and allison's diagnostic radiology: a textbook of medical imaging, volume 1 and 2
Statement of responsibility, etc. Edited By Andreas Adam, Adrian K. Dixon, Jonathan H. Gillard [and] Cornelia M. Schaefer-Prokop
250 ## - EDITION STATEMENT
Edition statement 6th ed.
260 ## - PUBLICATION, DISTRIBUTION, ETC.
Place of publication, distribution, etc. Edinburgh:
Name of publisher, distributor, etc. Churchill Livingstone/Elsevier
Date of publication, distribution, etc. 2015
300 ## - PHYSICAL DESCRIPTION
Extent xix, 2214p.: ill.
350 ## -
-- 449.00
650 ## - SUBJECT ADDED ENTRY--TOPICAL TERM
Topical term or geographic name entry element DIAGNOSTIC IMAGING--DIGITAL TECHNIQUES
650 ## - SUBJECT ADDED ENTRY--TOPICAL TERM
Topical term or geographic name entry element DIAGNOSTIC IMAGING--METHODS
650 ## - SUBJECT ADDED ENTRY--TOPICAL TERM
Topical term or geographic name entry element TECHNOLOGY, RADIOLOGY--METHODS
995 ## -
-- MEDICAL LIBRARY OPEN ACCESS
-- 903854
-- CBU-SCHOOL OF MEDICINE LIBRARY (Ndola)
-- 449.00
-- RC 78.7.D53 Gra
-- 2
-- AVAILABLE
-- Mar 28, 2017
-- 903854
-- Medical Library Open Access Collection
995 ## -
-- MEDICAL LIBRARY OPEN ACCESS
-- 903805
-- CBU-SCHOOL OF MEDICINE LIBRARY (Ndola)
-- 449.00
-- RC 78.7.D53 Gra
-- 1
-- AVAILABLE
-- Mar 27, 2017
-- 903805
-- Medical Library Open Access Collection
999 ## -
-- 63918
-- 63918
Holdings
Withdrawn status Lost status Source of classification or shelving scheme Damaged status Not for loan Permanent Location Current Location Shelving location Date acquired Total Checkouts Full call number Barcode Date last seen Copy number Price effective from Koha item type
          CBU-SCHOOL OF MEDICINE LIBRARY, NDOLA. CBU-SCHOOL OF MEDICINE LIBRARY, NDOLA.   02/01/2023   RC 78.7.D53 Gra 903854 02/01/2023 1 02/01/2023 MONOGRAPH
          CBU-SCHOOL OF MEDICINE LIBRARY, NDOLA. CBU-SCHOOL OF MEDICINE LIBRARY, NDOLA.   02/01/2023   RC 78.7.D53 Gra 903805 02/01/2023 2 02/01/2023 MONOGRAPH